000 00628nam a22002417a 4500
003 UA-OsUOA
001 74618
007 ta
008 20110413b un ||||| |||| 00| 0 ukr d
100 _aВербич В.
090 _a821.161.2-1
_bВ31
942 _cBK
040 _aUA-OsUOA
_bukr
_cUA-OsUOA
_dUA-OsUOA
245 _aПовернення
_bвірші
300 _a48 с.
955 _a3
041 _aukr
080 _a821.161.2-1
020 _a966-8575-07-5
260 _aЛуцьк
_bВМА "Терен"
_c2004
650 7 _a82 Література. Літературознавство
_2UDC
999 _c360914
_d360914